000 00532nam a2200145Ia 4500
008 100122s9999 xx 000 0 und d
082 _b63142
_a822
100 _aखरे सुरेश
245 _aमंतरलेली चैत्रवेल (क.क्र. 14/3)
260 _bके.वा.जोशी
_c1980
300 _a83
630 _aमंतरलेली चैत्रवेल (क.क्र. 14/3)
730 _aमंतरलेली चैत्रवेल (क.क्र. 14/3)
942 _cBOOK
999 _c437237
_d437234